William S. Burroughs : the black rider /

Gespeichert in:
Bibliographische Detailangaben
1. Verfasser: Denti, Marco (Verfasst von)
Format: Buch
Sprache:Italienisch
Veröffentlicht: Milano : Bevivino, [2005]
Schriftenreihe:I cattivi ; 17
Schlagworte:
Tags: Tag hinzufügen
Keine Tags, Fügen Sie das erste Tag hinzu!

MARC

LEADER 00000nam a22000007i 4500
001 IT\ICCU\RAV\1315581
003 ItRI
005 20260219121600.0
008 050314s2005 it |||||| ||||| |||||c
020 |a 8888764429 
020 |a 9788888764429 
040 |b ita  |c ARCIGAY RIMINI 
041 7 |a ita  |2 ISO-639-2 
100 1 |a Denti, Marco  |0 IT\ICCU\RAVV\096417  |4 aut 
245 1 0 |a William S. Burroughs :  |b the black rider /  |c di Marco Denti. 
260 |a Milano :  |b Bevivino,  |c [2005] 
300 |a 89 p. ;  |c 19 cm. 
650 7 |a Burroughs, William  |2 scbi 
830 2 |a I cattivi ;  |v 17  |0 IT\ICCU\PUV\0955821 
942 |2 ddc  |c BK 
952 |0 0  |1 0  |2 ddc  |4 0  |6 813_540000000000000_DEN_WIL  |7 1  |9 3359  |a RN  |b RN  |d 2025-02-22  |l 0  |o 813.54 DEN WIL  |p 10618  |r 2025-02-22 18:00:06  |w 2025-02-22  |x Donazione di Giovanni Rimondini  |y BK  |z Donazione di Giovanni Rimondini 
952 |0 0  |1 0  |4 0  |6 DOC_813_540000000000000_DEN  |7 0  |9 18247  |a BO  |b BO  |d 2026-01-15  |i 16331  |l 0  |o DOC 813.54 DEN  |p BO16331  |r 2026-01-15 23:19:55  |w 2026-01-15  |x [Sebina 5] [1 v.]  |y BK  |z 1 v. 
999 |c 2665  |d 2665